|
|
|
|
| LEADER |
00000naa a2200000uu 4500 |
| 001 |
vtls011086203 |
| 003 |
SK-MaSNL |
| 005 |
20260302105340.0 |
| 008 |
210910|2001 xo |||||||||||||||||slo| |
| 015 |
|
|
|a SNBRA
|
| 035 |
|
|
|a (urnnbn)urn:nbn:sk:snk:ar-a0cmm6
|
| 035 |
|
|
|a (uuid)497e9b3e-8698-4168-b763-75151aa46c41
|
| 035 |
|
|
|a urn:nbn:sk:snk-aavsh8
|
| 040 |
|
|
|a SNKBUCL
|b slo
|c SNKBUCL
|e AACR2
|
| 041 |
0 |
|
|a slo
|
| 044 |
|
|
|a xo
|c SK
|
| 100 |
1 |
|
|a Čatár, Gustáv,
|d 1927-2017
|4 aut
|9 14279
|
| 245 |
1 |
0 |
|a Minulosť a súčasnosť laboratórnej diagnostiky toxoplazmózy
|c G. Čatár, F. Ondriska
|
| 700 |
1 |
|
|a Ondriska, František,
|d 1952-
|4 aut
|9 98923
|
| 773 |
0 |
|
|t Aktuálne problémy humánnej parazitológie a klinický deň o problémoch diagnostiky a terapie toxoplazmózy
|d Bratislava : Slovenská parazitologická spoločnosť, 2001
|g S. 41-44
|z 8096847317
|
| 958 |
|
|
|a OND
|
| 958 |
|
|
|a article12
|
| 958 |
|
|
|a chapter
|
| 999 |
|
|
|c 1238310
|d 1240240
|